Landlocked Country Sandwiches Quiz Stats

 Plays Quiz Updated Nov 23, 2018

Score 0/14 Timer 02:00
4 Plays Today
% Correct
France
92.8%
Spain
92.3%
Russia
85.7%
China
85.7%
India
82.8%
China
82%
China
76.8%
% Correct
India
75.2%
Switzerland
75.1%
South Africa
72.6%
Austria
70.8%
Romania
58.4%
Ukraine
55.9%
Mozambique
52.3%

You're not logged in!

Compare scores with friends on all Sporcle quizzes.
OR
Log In

You Might Also Like...

Show Comments

Extras

Top Quizzes Today


Score Distribution

Your Account Isn't Verified!

In order to create a playlist on Sporcle, you need to verify the email address you used during registration. Go to your Sporcle Settings to finish the process.

Report this User

Report this user for behavior that violates our Community Guidelines.

Details: